00805nam a22001457a 450000500170000000800410001704100080005804400070006611101330007324501080020626001040031430000150041850501780043365000480061120141003090559.0140715b1998 ck ||||| |||| 00| 0 spa d aspa ack20aCongreso Interno Instituto de Investigación de Recursos Biológicos Alexander von Humboldtc(Bogotá, Colombiad1998- )n1-420aCongreso Interno Instituto de Investigación de Recursos Biológicos Alexander von HumboldtbMemorias aVilla de LeyvabInstituto de Investigación de Recursos Biológicos Alexander von Humboldtc1998- a156c28 cm aVol. 1: primer congreso, 7-9 Octubre 1998 Vol. 2: Segundo congreso, 8-10 Diciembre 1999 Vol. 3: Tercer congreso, 16-20 Octubre 2000 Vol. 4: Cuarto congreso, 7-9 Octubre 2001 6aBiodiversidadvCongresos, conferencias, etc